| 000 | 00481nam a2200193Ia 4500 | ||
|---|---|---|---|
| 003 | LK-CoDNM | ||
| 005 | 20240417095341.0 | ||
| 008 | 010623t1958 xxu||||| |||| 00| 1 sin d | ||
| 040 |
_aLK-CoDNM _dLK-CoDNM _eLK-CoDNM |
||
| 041 | _asin | ||
| 080 | _aච37 | ||
| 100 | _aVidyarathna,Vijayasiri | ||
| 245 | _a1959 ග්රහබලය | ||
| 246 | _a1959 Grahabalaya | ||
| 260 |
_bC.Vitana _aColombo _c1958 |
||
| 300 | _a135p.,21 cm | ||
| 650 | _aAstrology | ||
| 942 | _cBK | ||
| 999 |
_c104610 _d104610 |
||